Normal view
MARC view
Entry Nombre de reunión
001 - NÚMERO DE CONTROL
- campo de control: 235650
003 - IDENTIFICADOR DE NÚMERO DE CONTROL
- campo de control: ES-MaACL
005 - FECHA Y HORA DE LA ÚLTIMA TRANSACCIÓN
- campo de control: 20240325172233.0
008 - ELEMENTOS DE DATO DE LONGITUD-FIJA
- campo de control de longitud fija: 240325|| aca||aabn | a|a d
040 ## - FUENTE DE CATALOGACIÓN
- Centro catalogador/agencia de origen: ES-MaACL
- Centro/agencia transcriptor: ES-MaACL
111 ## - ENCABEZAMIENTO--NOMBRE DE CONGRESO/REUNIÓN
- Nombre de congreso/reunión o jurisdicción como elemento de entrada: PHotoEspaña
- Número del congreso/reunión o número de parte o sección: (26º.
- Fecha del congreso o de la firma del tratado: 2023.
- Sede del congreso/Lugar de la reunión: Madrid)
670 ## - FUENTE DE DATOS ENCONTRADOS
- Cita de la fuente: Work cat.: (ES-MaACL)194039: PHotoEspaña (26º. 2023. Madrid), PHotoEspaña 2023 :
